02158nab a22002897a 4500999001500000003000400015005001700019008004100036040000700077100002800084245013900112260007300251300001500324500003700339505100000376505008201376650002301458650003301481650001801514650004201532650002801574650003301602650002501635650004001660773015501700942001301855 c5562d5562OSt20251218091028.0190429b xxu||||| |||| 00| 0 spa d cPJ 96540aChaia, Rubén A.10a"Por tus fotos te reconocerán". ¿Es válida la identificación del sospechado a partir de fotos de Facebook? /cRubén A. Chaia. cCiudad Autónoma de Buenos Aires :aThomson Reuters La Ley, b2025. ap. 157-170 aCita: TR LALEY AR/DOC/397/2025.  aSumario: I. Las herramientas digitales como fuente de investigaciones privadas.— II. El sistema penal ante el reclamo de mayor protagonismo y mejores resultados.— III. Identificación a través de fotos publicadas en Redes Sociales.— IV. Redes sociales. Pesquisas en cuentas públicas.— V. Redes sociales. Pesquisas en cuentas privadas.— VI. Identificación en línea y rueda de personas.— VII. Identificación en línea y reconocimiento por imágenes.— VIII. Rastros digitales obtenidos de Facebook, Instagram y Twitter.— IX. ¿Utilizar fotos de la historia o muro puede afectar la privacidad?— X. ¿Utilizar fotos del muro puede violentar el principio de no autoincriminación?— XI. ¿Existen límites a la búsqueda en relación con la víctima?— XII. Identificación a partir de fotos y videos enviados por WhatsApp.— XIII. Reconocimiento de efectos mediante publicaciones en redes sociales.— XIV. Análisis de casos.— XV. Diez reflexiones finales. tSi te interesa el texto completo, solicitalo a koha@justierradelfuego.gov.ar  09343aDERECHO PENAL 096081aCIENCIA Y TECNOLOGÍA 09281aINTERNET 093404aMEDIOS DE PRUEBA ELECTRÓNICOS 093406aEVIDENCIA DIGITAL 092724aDERECHO A LA INTIMIDAD 094109aREDES SOCIALES 095558aPUBLICACIÓN DE FOTOGRAFÍA0 0265893164tRevista de derecho penal y criminología. Nº 3 - Abril 2025dCiudad Autónoma de Buenos Aires : Thomson Reuters La Ley, 2017-x00347914 2udccANA